Pays qui possédaient Belgrade à travers l'histoire - Statistiques

Statistiques générales
  • Ce quiz a été pris 46 fois
  • Le résultat moyen est 22 sur 35
Statistiques - réponses
Période Pays % Correct
1371 - 1403 Despotat de Serbie
93%
1540 - 1882 Empire Ottoman
93%
1346 - 1371 Empire serbe
93%
1284 - 1346 Principauté de Serbie/ Rascie
93%
1992 - 2003 RF de Yougoslavie
93%
1882 - 1919 Royaume de Serbie
93%
1929 - 1941 Royaume de Yougoslavie
93%
1945 - 1992 RSF de Yougoslavie
93%
2006 - Aujourd'hui Serbie
93%
1403 - 1540 Serbie Moravienne
93%
50 - 395 Empire Romain
88%
1915 - 1918 Empire Allemand
76%
1941 - 1945 Gouvernement du Salut National
76%
395 - 441 Empire Byzantin
64%
454 - 470 Empire Byzantin
64%
510 - 827 Empire Byzantin
64%
971 - 976 Empire Byzantin
64%
1018 - 1182 Empire Byzantin
64%
1185 - 1230 Empire Byzantin
64%
1232 - 1284 Empire Byzantin
64%
1915 - 1918 Empire d'Autriche-Hongrie
64%
827 - 896 Première Empire Bulgare
62%
976 - 1018 Première Empire Bulgare
62%
1915 - 1918 Royaume de Bulgarie
60%
1230 - 1232 Second Empire Bulgare
60%
896 - 971 Grande-Principauté de Hongrie
45%
1182 - 1185 Royaume de Hongrie
45%
2003 - 2006 Serbie-et-Monténégro
40%
1919 - 1929 Royaume des Serbes, Croates et Slovènes
38%
441 - 450 Royaume des Huns
31%
470 - 488 Royaume Ostrogoth
19%
504 - 510 Royaume Ostrogoth
19%
298 av J-C. - 50 Scordisque
7%
488 - 504 Royaume des Gépides
5%
450 - 454 Royaume Sarmates
5%
Aucun quiz correspondant
Distribution des résultats
% des personnes avec chaque résultat
Percentile par nombre de réponses
Votre historique - résultats
Vous n’avez pas pris ce quiz